| 000 | 01237nam a2200349 i 4500 | ||
|---|---|---|---|
| 001 | 36883 | ||
| 003 | KOSZ 005 | ||
| 005 | 20211221142739.0 | ||
| 008 | 000404s1999 pl f |000 0 pol | ||
| 020 | _a838691985X | ||
| 040 |
_cKOSZ 005 _aKOSZ 005 _dKOSZ 005/HR |
||
| 046 | _k1999 | ||
| 080 | _a004.42 | ||
| 080 | _a519.2 | ||
| 080 | _a(075.8) | ||
| 100 | 1 |
_aLuszniewicz, Andrzej _d(1930- ) _eAutor |
|
| 245 | 0 | 0 |
_aStatystyczne analizy z użyciem pakietu Statistica PL. _nSylabus 2, _pRozkłady teoretyczne zmiennych losowych / _cAndrzej Luszniewicz, Teresa Słaby. |
| 246 | 3 | 0 | _aRozkłady teoretyczne zmiennych losowych |
| 260 |
_aWarszawa : _bWyższa Szkoła Handlu i Prawa, _c1999. |
||
| 300 |
_a41 s. : _bwykr. ; _c30 cm. |
||
| 380 | _aKsiążki | ||
| 388 | _a1901-2000 | ||
| 388 | _a1989-2000 | ||
| 650 | 4 | _aStatistica (program komputerowy) | |
| 650 | 4 | _aStatystyka matematyczna | |
| 650 | 4 | _aZmienna losowa | |
| 655 | 4 | _aPodręczniki akademickie | |
| 658 | _aInformatyka i technologie informacyjne | ||
| 700 | 1 |
_aSłaby, Teresa _d(1947- ) _eAutor |
|
| 856 |
_uhttp://koha.tu.koszalin.pl/cgi-bin/koha/opac-detail.pl?biblionumber=36883 _yKatalog online BPK |
||
| 942 |
_cKS _2UKD |
||
| 999 |
_c36883 _d36883 |
||